000 02373cam a22005174i 4500
003 PE-LiUPU
005 20250731180134.0
008 150625s r 000 0 d
020 _a8429151494
035 _a(Sirsi) i9788429151497
040 _aPE-LiUPU
_bspa
_cPE-LiUPU
_erda
049 _aPRUA
082 0 4 _a510.08
_bR74
_221
100 1 _aRodríguez Vidal, Rafael,
_eautor.
245 1 0 _aCuentos y cuentas de los matemáticos /
_cRafael Rodríguez Vidal y María del Carmen Rodríguez Rigual.
264 1 _aBarcelona :
_bReverté,
_c[1986].
300 _a173 páginas :
_bilustraciones, gráf. ;
_c22 centímetros
336 _atext
_2rdacontent
337 _aunmediated
_2rdamedia
338 _avolume
_2rdacarrier
505 0 _aProblemas para plática y pasatiempo. -Cuentos y cuentas de Oriente. -Fábulas con la numeración. -De ventas y precios extravagantes. -Multiplicación intrigantes. -Los trabacuentas. -Juegos con veinte naipes. -Dardos, dados y billar. -Para responder sin cálculos. -Para adivinar sin preguntar nada. -Número y forma en escena. -Tangram y pavimentaciones. -Para tertulias con lápiz y papel. -Problemas sotables de viejos libros. -Los cuadros mágicos. -Relatos anedóticos e históricos. -La paradoja del montón de trigo. -Preparción aritmética al Fray Gerundio. -Matemática, Fisica y fetichismo. -Huellas femeniles en el camino de la matemática. -Cuestiones de pares y nones.
526 _aSEG44
526 _aSEG26
526 _aP159
526 _aP155
526 _aP154
526 _aP153
526 _aP150
526 _aP100
526 _aP31
526 _aP30
526 _aP26
526 _aP25
526 _aP24
526 _aP22
526 _aP15
526 _aP10
541 _g001-027182;
650 0 4 _aMatemáticas recreativas.
700 1 _aRodríguez Rigual, María del Carmen,
_eautor.
942 _2ddc
_cBOOK
949 _a510.08 R74
_wDEWEY
_c1
_i57611
_lCCODEBUL1
_mBUL
_p36.00
_r0
_sY
_tBOOK
_u2015-6-25
_xEDUCACION
_PP20
_0COMPRA
_o.STAFF. Colección General
994 _aC0
_bPEPRU
596 _a1
999 _a510.08 R74
_wDEWEY
_c46631
_i57611
_f2021-11-5
_g6
_lCCODEBUL1
_mBUL
_p36.00
_r0
_sN
_tBOOK
_u2015-6-25
_xBIBLIOTECA
_PP20
_0COMPRA
_o.STAFF. Colección General
_d46631
980 _81
_gALBERTO SANCHEZ Responsable de Automatización